00425nam a2200145Ia 4500008004100000041000900041082001800050100002600068245002200094260003500116300000800151650000800159999001700167952009500184230718s9999 xx 000 0 und d aEng. a348.43bKHO-I aKhokhar, Munic #honed 0aInternational law aPakistanbIfon law book c2004 a114 aLaw c29251d29251 00104070aSIRC-LbSIRC-Ld2023-07-18l0o348.43 KHO-Ip24202r2023-07-18w2023-07-18yBK